Southville International School and Colleges
Your cart is empty.
  • Cart
  • Lists
    Public lists Eva Luna New books Lux_list list_1
    Your lists Log in to create your own lists
  • Log in to your account
  • Your cookies
  • Search history
Southville International School and Colleges
  • Advanced search
  • Recent comments
  • Most popular
  • Libraries

Log in to your account

Log in with GOOGLE


If you do not have an external account, but do have a local account, you can still log in:

  1. Home
  2. MARC view: Different dads :
Normal view MARC view ISBD view

Different dads : (Record no. 344712)

[ view plain ]
MARC details
000 -LEADER
fixed length control field 00891nam a2200289Ia 4500
008 - FIXED-LENGTH DATA ELEMENTS--GENERAL INFORMATION
fixed length control field 171025s9999 xx 000 0 und d
050 ## - LIBRARY OF CONGRESS CALL NUMBER
Classification number 306.8
050 ## - LIBRARY OF CONGRESS CALL NUMBER
Item number H313 2007
245 ## - TITLE STATEMENT
Title Different dads :
245 ## - TITLE STATEMENT
Remainder of title father's stories of parenting disabled children /
245 ## - TITLE STATEMENT
Statement of responsibility, etc edited by Jill Harrison, Matthew Henderson and Rob Leonard.
250 ## - EDITION STATEMENT
Edition statement First edition.
260 ## - PUBLICATION, DISTRIBUTION, ETC. (IMPRINT)
Place of publication, distribution, etc London :
260 ## - PUBLICATION, DISTRIBUTION, ETC. (IMPRINT)
Name of publisher, distributor, etc Jessica Kingsley Publishers,
260 ## - PUBLICATION, DISTRIBUTION, ETC. (IMPRINT)
Date of publication, distribution, etc 2007
300 ## - PHYSICAL DESCRIPTION
Extent 173 pages :
300 ## - PHYSICAL DESCRIPTION
Other physical details illustrations ;
300 ## - PHYSICAL DESCRIPTION
Dimensions 23cm.
500 ## - GENERAL NOTE
General note Includes glossary and index.
650 ## - SUBJECT ADDED ENTRY--TOPICAL TERM
Topical term or geographic name as entry element Children with disabilities --
650 ## - SUBJECT ADDED ENTRY--TOPICAL TERM
Topical term or geographic name as entry element Father and child.
650 ## - SUBJECT ADDED ENTRY--TOPICAL TERM
Topical term or geographic name as entry element Parents of children with disabilities -- Case studies.
650 ## - SUBJECT ADDED ENTRY--TOPICAL TERM
General subdivision Family and relationships -- Case studies.
700 ## - ADDED ENTRY--PERSONAL NAME
Personal name Harrison, Jill.
700 ## - ADDED ENTRY--PERSONAL NAME
Personal name Henderson, Matthew.
700 ## - ADDED ENTRY--PERSONAL NAME
Personal name Leonard, Rob.
Holdings
Withdrawn status Lost status Damaged status Home library Current library Date acquired Total Checkouts Full call number Barcode Date last seen Price effective from Koha item type
      Stonyhurst Southville International School (Malarayat) Stonyhurst Southville International School (Malarayat) 10/25/2017   NF 306.8 H313 2007 SSISM3765 10/25/2017 10/25/2017 Books

Different dads :

APA

Harrison J., Henderson M. & Leonard R.Different dads. London: .

Chicago

Harrison Jill, Henderson Matthew and Leonard Rob.Different dads. London: .

Harvard

Harrison J., Henderson M. and Leonard R.Different dads. London: .

MLA

Harrison Jill, Henderson Matthew and Leonard Rob.London: . .

  • Place hold
  • Print
  • Cite
  • Add to your cart (remove)
  • Save record
    BIBTEX Dublin Core MARCXML MARC (non-Unicode/MARC-8) MARC (Unicode/UTF-8) MARC (Unicode/UTF-8, Standard) MODS (XML) RIS
  • More searches
    Search for this title in:
    Other Libraries (WorldCat) Other Databases (Google Scholar) Online Stores (Bookfinder.com) Open Library (openlibrary.org)

Exporting to Dublin Core...

SOUTHVILLE LIBRARY

Southville International School and Colleges Library

1281 Tropical Ave. Cor. Luxembourg St., BF Homes International, Las Pinas City

Tel. No. 8256374 / 252358 Loc. 117/146

Powered by Koha